Toxicomanias y psicoanalisis : (Registro nro. 5665)
[ vista simple ]
| 000 -CABECERA | |
|---|---|
| campo de control de longitud fija | 00673nam a2200217 i 4500 |
| 001 - NÚMERO DE CONTROL | |
| campo de control | Rebiun03908834 |
| 003 - IDENTIFICADOR DEL NÚMERO DE CONTROL | |
| campo de control | AR-RoIUNI |
| 005 - FECHA Y HORA DE LA ÚLTIMA TRANSACCIÓN | |
| campo de control | 20230929130730.0 |
| 008 - DATOS DE LONGITUD FIJA--INFORMACIÓN GENERAL | |
| campo de control de longitud fija | 010928s1990 ag 000 0 spa c |
| 020 ## - NÚMERO INTERNACIONAL ESTÁNDAR DEL LIBRO | |
| Número Internacional Estándar del Libro | 9505185154 |
| 040 ## - FUENTE DE LA CATALOGACIÓN | |
| Centro catalogador/agencia de origen | NoBUC. |
| Centro/agencia modificador | SpMaUCED |
| Centro/agencia transcriptor | AR-RoIUNI |
| 080 ## - NÚMERO DE LA CLASIFICACIÓN DECIMAL UNIVERSAL | |
| Número de la Clasificación Decimal Universal | 364.272 |
| 100 1# - ENTRADA PRINCIPAL--NOMBRE DE PERSONA | |
| Nombre de persona | Le Poulichet, Sylvie |
| 245 10 - MENCIÓN DE TÍTULO | |
| Título | Toxicomanias y psicoanalisis : |
| Resto del título | Las narcosis del deseo / |
| Mención de responsabilidad, etc. | Sylvie Le Poulichet |
| 260 ## - PUBLICACIÓN, DISTRIBUCIÓN, ETC. (PIE DE IMPRENTA) | |
| Lugar de publicación, distribución, etc. | Buenos Aires : |
| Nombre del editor, distribuidor, etc. | Amorrortu, |
| Fecha de publicación, distribución, etc. | 2019 |
| 300 ## - DESCRIPCIÓN FÍSICA | |
| Extensión | 224 p. ; |
| Dimensiones | 23 cm |
| 490 0# - MENCIÓN DE SERIE | |
| Mención de serie | Biblioteca de psicologia y psicoanalisis |
| 650 04 - PUNTO DE ACCESO ADICIONAL DE MATERIA--TÉRMINO DE MATERIA | |
| Término de materia o nombre geográfico como elemento inicial | Drogas- |
| Subdivisión general | Aspectos psicologicos |
| 650 04 - PUNTO DE ACCESO ADICIONAL DE MATERIA--TÉRMINO DE MATERIA | |
| Término de materia o nombre geográfico como elemento inicial | Toxicomania- |
| Subdivisión general | Aspectos psicologicos |
| 942 ## - ELEMENTOS DE PUNTO DE ACCESO ADICIONAL (KOHA) | |
| Fuente del sistema de clasificación o colocación | Clasificación Decimal Universal |
| Tipo de ítem Koha | Libros |
| Estado de retiro | Estado de pérdida | Fuente del sistema de clasificación o colocación | Estado dañado | Excepción de préstamo | Código de colección | Localización permanente | Ubicación/localización actual | Ubicación en estantería | Fecha de adquisición | Fuente de adquisición | Número de inventario | Total de préstamos | Signatura topográfica completa | Código de barras | Fecha visto por última vez | Fecha del último préstamo | Precio válido a partir de | Tipo de ítem Koha |
|---|---|---|---|---|---|---|---|---|---|---|---|---|---|---|---|---|---|---|
| Clasificación Decimal Universal | Psicología | BIBLIOTECA RIOBAMBA | BIBLIOTECA RIOBAMBA | BIBLIOTECA RIOBAMBA | 29/09/2023 | Compra | 7938 | 3 | 364.272 LEP | 7938 | 06/11/2023 | 26/10/2023 | 29/09/2023 | Libros |

